000 00282nam a22001337a 4500
008 181102b xxu||||| |||| 00| 0 eng d
020 _a05340163635
041 _aeng
080 _a316
100 _a50
101 _aSOC
245 _aElementary Logic
_cJames.S
942 _2udc
_cBK
999 _c51568
_d51568